| 000 | 00440nam a22001577a 4500 | ||
|---|---|---|---|
| 003 | OSt | ||
| 005 | 20250710103743.0 | ||
| 008 | 250702b |||||||| |||| 00| 0 eng d | ||
| 040 | _cAIMIT LIBRARY | ||
| 100 |
_aCrasta, Elisha. _e222107 _9216894 |
||
| 245 |
_aCrimping force / _cBy Elisha Crasta. |
||
| 260 |
_aMangalore ; _c2024. |
||
| 700 |
_aThirumalal, Kuppan. _eMentor _9216895 |
||
| 700 |
_aB,Santhosh. _eGuide _9216896 |
||
| 942 |
_2ddc _cPRO |
||
| 999 |
_c234573 _d234573 |
||